Statistics for Half/half: Music instruments [pic]

Click here to take the quiz!

General Stats

  • This quiz has been taken 23 times
  • The average score is 12 of 16

Answer Stats

Answer% Correct
Cello
100%
Guitar
100%
Violin
100%
Drum set
95%
Harmonica
95%
Harp
95%
Banjo
90%
Accordion
86%
Tuba
86%
Oboe
81%
Kazoo
76%
Sitar
57%
Djembe
48%
Kalimba
43%
Kantele
10%
Pipa
10%

Score Distribution

Percentile by Number Answered

Percent of People with Each Score

Your Score History

You have not taken this quiz